000 00258nam a22001097a 4500
008 160419b xxu||||| |||| 00| 0 eng d
020 _a9780323052511
041 _aeng
080 _a618.2
245 _aFundamentals of Nursing:
_cGeralyn Ochs;
942 _2udc
_cBK
999 _c1444
_d1444